000
00300nam a22001337a 4500
008
260425b |||||||| |||| 00| 0 eng d
020
_a
APHS
040
_a
30
100
_a
GAUR, BANWARI LAL
245
_a
AYURVED KA PRARAMBHIK ITIHAAS
260
_a
SHAKSHI, JAIPUR
300
_a
434
942
_c
02
999
_c
67980
_d
67980